[Event "It (open)"]
[Site "masterchessopen.com Balatonbereny (Hungary)"]
[Round "7"]
[White "Nemeth Maria (HUN)"]
[Black "Fleger Herbert (GER)"]
[Result "1-0"]
[WhiteElo "2140"]
[BlackElo "2185"]

1.e4 c5 2.Nf3 Nc6 3.d4 cxd4 4.Nxd4 g6 5.c4 Bg7 6.Be3 Nf6 7.Nc3 Ng4 8.Qxg4 Nxd4
9.Qd1 e5 10.Nb5 O-O 11.Qd2 Qe7 12.O-O-O Nxb5 13.cxb5 d5 14.exd5 Rd8 15.d6 Qe6
16.Kb1 Bf8 17.Qc3 Rxd6 18.Bc4 Rxd1+ 19.Rxd1 Qg4 20.Qb3 Bf5+ 21.Ka1 Rc8
22.Bxf7+ Kh8 23.Qd5 Be4 24.Be6 Qe2 25.Qxe5+ Bg7 26.Qd4 h5 27.Qd8+ Bf8 28.Qf6+
Bg7 29.Rd8+ Kh7 30.Bg8+ Kh8 31.Bc4+ Kh7 32.Bxe2 {#r} 1-0

[Event "It (open)"]
[Site "masterchessopen.com Boblingen (Germany)"]
[Round "0"]
[White "Hoen Lothar (GER)"]
[Black "Bauer Manfred (AUT)"]
[Result "0-1"]
[WhiteElo "2238"]
[BlackElo "1958"]

1.e4 c5 2.c4 Nc6 3.Ne2 g6 4.d4 cxd4 5.Nxd4 Bg7 6.Be3 Nf6 7.Nc3 Ng4 8.Nxc6 Nxe3
9.Nxd8 Nxd1 10.Nxd1 Kxd8 11.Rc1 d6 12.Nc3 Be6 13.b3 Kd7 14.g3 Rhc8 15.f4 Bxc3+
16.Rxc3 b5 17.Kd2 bxc4 18.Bxc4 Bxc4 19.bxc4 Rc5 20.Rb1 Ra5 21.Rb2 Rc8 22.Kd3
Ke6 23.Rcb3 Rc7 24.Kd4 Rac5 25.Rb4 f5 26.Re2 fxe4 27.Rxe4+ Kf5 28.h3 Rxc4+
{#R} 0-1

[Event "It (cat.9)"]
[Site "masterchessopen.com Budapest (Hungary)"]
[Round "11"]
[White "Videki Sandor (HUN)"]
[Black "Afek Yochanan (ISR)"]
[Result "1-0"]
[WhiteElo "2405"]
[BlackElo "2355"]

1.e4 c5 2.Nf3 Nc6 3.d4 cxd4 4.Nxd4 g6 5.c4 Bg7 6.Be3 Nf6 7.Nc3 Ng4 8.Qxg4 Nxd4
9.Qd1 e5 10.Nb5 O-O 11.Be2 Qa5+ 12.Bd2 Qb6 13.Bb4 d6 14.Bxd6 Re8 15.Nc7 Qxd6
16.Nxe8 Qc6 17.Nxg7 Qxe4 18.f3 Qh4+ 19.g3 Qe7 20.O-O Kxg7 21.Bd3 Bh3 22.Re1
Rd8 23.Kh1 f5 24.Re3 Qf6 25.Qe1 f4 26.gxf4 Qxf4 27.Be4 Ne6 28.Re2 Qf6 29.Rd1
Rf8 30.Rd6 Qe7 31.Qb4 Nf4 32.Rf2 b6 {#r} 1-0

[Event "Ch Catalunia (team)"]
[Site "masterchessopen.com Catalunia (Spain)"]
[Round "0"]
[White "Oms Pallise Josep (AND)"]
[Black "Vehi Bach Victor M (ESP)"]
[Result "0-1"]
[WhiteElo "2395"]
[BlackElo "2365"]

1.Nf3 c5 2.c4 g6 3.d4 Bg7 4.e4 cxd4 5.Nxd4 Nc6 6.Be3 Nf6 7.Nc3 Ng4 8.Qxg4 Nxd4
9.Qd1 Ne6 10.Rc1 Qa5 11.Be2 b6 12.f4 Bb7 13.Bf3 Rc8 14.f5 gxf5 15.exf5 Bxf3
16.Qxf3 Nd4 17.Qf2 Rxc4 18.O-O Nc6 19.f6 Bxf6 20.Rcd1 Qh5 21.Qd2 Bd4 22.Kh1
Bxe3 23.Qxe3 Rc5 24.Ne4 Re5 25.Qf4 Qg6 26.Ng3 Rg8 27.Rc1 f6 28.Qd2 Qg5 29.Qd3
h5 30.Rcd1 Qg4 31.Rd2 Rgg5 32.Rdf2 h4 {#R} 0-1

[Event "It (open)"]
[Site "masterchessopen.com Darmstadt (Germany)"]
[Round "0"]
[White "Hasenoehrl Markus (GER)"]
[Black "Eck Mathias (GER)"]
[Result "1-0"]
[WhiteElo "2060"]
[BlackElo "2137"]

1.e4 c5 2.Nf3 g6 3.d4 cxd4 4.Nxd4 Bg7 5.c4 Nc6 6.Be3 Nf6 7.Nc3 Ng4 8.Qxg4 Nxd4
9.Qd1 e5 10.Nb5 O-O 11.Qd2 Qh4 12.Bd3 d5 13.cxd5 Nxb5 14.Bxb5 Qxe4 15.O-O Rd8
16.Rfd1 Bd7 17.Be2 b6 18.b3 Rac8 19.Rac1 Bf8 20.Bf3 Qb4 21.Qxb4 Bxb4 22.Bg5
Re8 23.Bf6 e4 24.Be2 Ba3 25.Rc4 b5 26.Rxc8 Rxc8 27.h3 Bd6 28.Bg4 Bxg4 29.hxg4
Kf8 30.Kf1 Be7 {#r} 1-0

[Event "It (open)"]
[Site "masterchessopen.com Eger (Hungary)"]
[Round "2"]
[White "Sziraki Tamas (HUN)"]
[Black "Monus Zoltan (HUN)"]
[Result "1-0"]
[WhiteElo "2310"]
[BlackElo "2092"]

1.e4 c5 2.Nf3 Nc6 3.d4 cxd4 4.Nxd4 g6 5.c4 Bg7 6.Be3 Nf6 7.Nc3 Ng4 8.Qxg4 Nxd4
9.Qd1 e5 10.Nb5 O-O 11.Qd2 Qh4 12.Bd3 d5 13.exd5 Bh3 14.Bxd4 Bxg2 15.Rg1 Bh6
16.Be3 Qxh2 17.O-O-O Bf3 18.Bxh6 Bxd1 19.Rxd1 Rfd8 20.Bg5 Rd7 21.Be4 Qh3
22.Qe2 f5 23.Rh1 Qg4 24.Qxg4 fxg4 25.d6 Re8 26.Bd5+ Kg7 27.Nc7 {#r} 1-0

[Event "It (open)"]
[Site "masterchessopen.com Espoo (Finland)"]
[Round "2"]
[White "Sorri Kari Juhani (FIN)"]
[Black "Hurme Harri M (FIN)"]
[Result "1-0"]
[WhiteElo "2315"]
[BlackElo "2258"]

1.e4 c5 2.Nf3 Nc6 3.d4 cxd4 4.Nxd4 g6 5.c4 Bg7 6.Be3 Nf6 7.Nc3 Ng4 8.Qxg4 Nxd4
9.Qd1 Ne6 10.Be2 Qa5 11.O-O Bxc3 12.bxc3 Qxc3 13.c5 f6 14.Rc1 Qe5 15.Qa4 f5
16.exf5 gxf5 17.Bh5+ Kd8 18.Bd2 Rg8 19.Ba5+ Nc7 20.Bf3 b6 21.Rfe1 Qg7 22.cxb6
axb6 23.Qc4 {#r} 1-0

[Event "It (open) \"]
[Site "masterchessopen.com Gausdal (Norway)"]
[Round "4"]
[White "Akesson Ralf (SWE)"]
[Black "Ward Christopher (ENG)"]
[Result "1-0"]
[WhiteElo "2500"]
[BlackElo "2460"]

1.Nf3 c5 2.c4 g6 3.e4 Bg7 4.d4 cxd4 5.Nxd4 Nc6 6.Be3 Nf6 7.Nc3 Ng4 8.Qxg4 Nxd4
9.Qd1 Ne6 10.Rc1 b6 11.Bd3 Bb7 12.O-O O-O 13.Bb1 f5 14.exf5 gxf5 15.b4 Qe8
16.f4 Kh8 17.Nd5 d6 18.g4 fxg4 19.Qxg4 Nd4 20.Qh3 h6 21.f5 Bxd5 22.cxd5 Rg8
23.f6 Qf7 24.Bxd4 Bxf6+ 25.Kh1 Qxd5+ 26.Rf3 h5 27.Bxf6+ exf6 28.Qf5 {#r} 1-0

[Event "It (open)"]
[Site "masterchessopen.com Geneva (Switzerland)"]
[Round "1"]
[White "Anka Emil (HUN)"]
[Black "Beck Thomas (SUI)"]
[Result "1-0"]
[WhiteElo "2400"]
[BlackElo "2076"]

1.e4 c5 2.Nf3 Nc6 3.d4 cxd4 4.Nxd4 g6 5.c4 Bg7 6.Be3 Nf6 7.Nc3 Ng4 8.Qxg4 Nxd4
9.Qd1 Ne6 10.Rc1 Qa5 11.Be2 b6 12.O-O Bb7 13.f3 h5 14.Qd2 g5 15.Rfd1 d6 16.a3
Kf8 17.b4 Qe5 18.Rc2 Qf6 19.Nd5 Qg6 20.Nxe7 Kxe7 21.Qxd6+ Kf6 22.Bd4# 1-0

[Event "It (open)"]
[Site "masterchessopen.com Geneva (Switzerland)"]
[Round "9"]
[White "Caruso Daniele (ITA)"]
[Black "Hobuss Wolfgang (GER)"]
[Result "1-0"]
[WhiteElo "2097"]
[BlackElo "2073"]

1.e4 c5 2.Nf3 Nc6 3.d4 cxd4 4.Nxd4 g6 5.c4 Bg7 6.Be3 Nf6 7.Nc3 Ng4 8.Qxg4 Nxd4
9.Qd1 Ne6 10.Be2 Qa5 11.Qd2 b6 12.Rc1 Bb7 13.f3 Rc8 14.O-O g5 15.Rfd1 Bc6
16.b3 Qe5 17.Nb5 Bxb5 18.cxb5 Rd8 19.Bc4 h6 20.a4 O-O 21.a5 Qb8 22.axb6 axb6
23.Qf2 Be5 24.g3 Bc7 25.Ra1 f5 26.exf5 Rxf5 27.Rxd7 Rf6 28.Rxc7 Qxc7 29.Bxb6
Qe5 30.Re1 Qd6 31.Bxd8 Qxd8 32.Rxe6 Rxe6 33.Bxe6+ Kf8 34.Bc4 {#r} 1-0

[Event "Bayern Landesliga North"]
[Site "masterchessopen.com Germany"]
[Round "2"]
[White "Gross David (GER)"]
[Black "Meulner Klaus (GER)"]
[Result "1-0"]
[WhiteElo "2335"]
[BlackElo "2154"]

1.e4 c5 2.Nf3 g6 3.d4 cxd4 4.Nxd4 Nc6 5.c4 Bg7 6.Be3 Nf6 7.Nc3 Ng4 8.Qxg4 Nxd4
9.Qd1 e5 10.Nb5 O-O 11.Qd2 Qh4 12.Bd3 Ne6 13.O-O d6 14.Nxa7 Bd7 15.Nb5 f5
16.f3 f4 17.Bf2 Qh5 18.Nxd6 Nd4 19.Be2 g5 20.Nf5 Rxf5 21.exf5 Ra6 22.Bxd4 Rh6
23.h3 Bxf5 24.Bc5 Bxh3 25.Qd8+ Kf7 26.Qc7+ {#r} 1-0

[Event "Bayern Landesliga North"]
[Site "masterchessopen.com Germany"]
[Round "2"]
[White "Liepold Stefan (GER)"]
[Black "Kraft Volker (GER)"]
[Result "0-1"]
[WhiteElo "2269"]
[BlackElo "2404"]

1.e4 c5 2.Nf3 Nc6 3.d4 cxd4 4.Nxd4 g6 5.c4 Bg7 6.Be3 Nf6 7.Nc3 Ng4 8.Qxg4 Nxd4
9.Qd1 Ne6 10.Rc1 Qa5 11.Bd3 b6 12.O-O Bxc3 13.Rxc3 Qxa2 14.Qc2 Qa5 15.Ra3 Qe5
16.Bxb6 Rb8 17.Ba5 O-O 18.Bc3 Qc7 19.Qd2 Nc5 20.Bc2 e5 21.f4 exf4 22.Rxf4 Ne6
23.Rh4 f6 24.Rh3 a6 25.Rf3 Qxc4 26.Rxf6 Rxf6 27.Bxf6 Qc6 28.Be5 Qc5+ 29.Qf2
Qxe5 30.Rf3 Rxb2 31.g3 Bb7 {#R} 0-1

[Event "Bayern Regionalliga Southwest"]
[Site "masterchessopen.com Germany"]
[Round "2"]
[White "Schlemmer Hans Dr (GER)"]
[Black "Maugg Ludwig (GER)"]
[Result "1-0"]
[WhiteElo "2300"]
[BlackElo "2066"]

1.e4 c5 2.c4 Nc6 3.Ne2 g6 4.d4 cxd4 5.Nxd4 Bg7 6.Be3 Nf6 7.Nc3 Ng4 8.Qxg4 Nxd4
9.Qd1 Ne6 10.Rc1 b6 11.Be2 Bb7 12.f3 O-O 13.O-O d6 14.Qd2 a5 15.Rfd1 Nc5 16.b3
f5 17.exf5 Rxf5 18.Bd4 Bxd4+ 19.Qxd4 Ne6 20.Qe3 Nf4 21.Bf1 e5 22.Ne4 Bxe4
23.Qxe4 Rc8 24.g3 Qg5 25.Kh1 Ne6 26.Bh3 Rc5 27.Bxf5 gxf5 28.Qa8+ Kg7 29.Rc3
Nd4 30.Qb7+ Kg6 31.Qxb6 Rc6 32.Qb8 Qe7 33.Qg8+ Kh6 34.Re3 {#r} 1-0

[Event "It (open)"]
[Site "masterchessopen.com Gyula (Hungary)"]
[Round "0"]
[White "Schmitt Axel (GER)"]
[Black "Kostin Alexey (RUS)"]
[Result "1-0"]
[WhiteElo "2340"]
[BlackElo "2300"]

1.Nf3 c5 2.c4 Nf6 3.Nc3 g6 4.e4 Nc6 5.d4 cxd4 6.Nxd4 Bg7 7.Be3 Ng4 8.Qxg4 Nxd4
9.Qd1 Ne6 10.Rc1 O-O 11.Bd3 b6 12.O-O Bb7 13.b4 Rc8 14.f4 Rc6 15.Rf2 Qa8
16.Nd5 Re8 17.f5 Nd8 18.Bg5 f6 19.Bf4 e5 20.Be3 gxf5 21.Rxf5 Nf7 22.Qg4 Qd8
23.Rcf1 Kh8 24.Qh5 Rf8 25.Qh4 Nd6 26.Rh5 Rf7 27.Rxh7+ Kg8 28.Rxg7+ Kxg7
29.Qh6+ Kg8 30.Nxf6+ Rxf6 31.Rxf6 Nf7 32.Qg6+ Kh8 33.Qh5+ {#r} 1-0

[Event "Ch Hessen"]
[Site "masterchessopen.com Hofbieber (Germany)"]
[Round "6"]
[White "Schaack Harry (GER)"]
[Black "Gustavsson Cyrill (SWE)"]
[Result "1-0"]
[WhiteElo "2300"]
[BlackElo "2206"]

1.e4 c5 2.Nf3 Nc6 3.d4 cxd4 4.Nxd4 g6 5.c4 Bg7 6.Be3 Nf6 7.Nc3 Ng4 8.Qxg4 Nxd4
9.Qd1 Ne6 10.Qd2 Qa5 11.Be2 b6 12.O-O Bb7 13.Rfd1 d6 14.f3 g5 15.Rac1 h5 16.a3
h4 17.b4 Qxa3 18.Nb5 Qb2 19.Rc2 Qe5 20.c5 bxc5 21.bxc5 O-O 22.c6 Ba6 23.Nxa7
Bxe2 24.Qxe2 Nc5 25.Nb5 Ra1 26.Bd4 Rxd1+ 27.Qxd1 Qf4 28.Bxg7 Kxg7 29.c7 Qe3+
30.Kf1 Rc8 31.Rc3 Qf4 32.Qd4+ Qf6 33.e5 {#r} 1-0

[Event "It \"]
[Site "masterchessopen.com Jyvaskyla (Finland)"]
[Round "8"]
[White "Ivanov Mikhail M (RUS)"]
[Black "Holmsten Aleksei (FIN)"]
[Result "1-0"]
[WhiteElo "2465"]
[BlackElo "2305"]

1.Nf3 Nf6 2.c4 g6 3.Nc3 Bg7 4.e4 c5 5.d4 cxd4 6.Nxd4 Nc6 7.Be3 Ng4 8.Qxg4 Nxd4
9.Qd1 Ne6 10.Be2 Qa5 11.O-O b6 12.Nd5 Bxb2 13.Bd2 Qc5 14.Rb1 Bf6 15.Bb4 Qc6
16.e5 Bxe5 17.Bf3 Nd4 18.Re1 Nxf3+ 19.Qxf3 f6 20.Bxe7 {#r} 1-0

[Event "It (open)"]
[Site "masterchessopen.com La Pobla de Lillet (Spain)"]
[Round "0"]
[White "Barahona Torrijos Angel (ESP)"]
[Black "Drill Frank (GER)"]
[Result "0-1"]
[WhiteElo "1902"]
[BlackElo "2137"]

1.e4 c5 2.Nf3 g6 3.c4 Bg7 4.d4 cxd4 5.Nxd4 Nc6 6.Be3 Nf6 7.Nc3 Ng4 8.Qxg4 Nxd4
9.Qd1 e5 10.Qd2 O-O 11.Bd3 d6 12.O-O Be6 13.Rac1 a6 14.Ne2 b5 15.cxb5 axb5
16.Bxd4 exd4 17.Bxb5 Bxa2 18.Bc6 Ra7 19.Nxd4 Qb6 20.Nb5 Ra4 21.Nxd6 Rd4 22.Qf4
Qxb2 23.Nb5 Rb4 24.Qg5 Bc4 25.Rxc4 Rxc4 26.Bd5 h6 27.Bxf7+ Rxf7 28.Qd5 Rc1
{#R} 0-1

[Event "It (open)"]
[Site "masterchessopen.com Las Palmas (Spain)"]
[Round "4"]
[White "Calzetta Monica (ESP)"]
[Black "Solana Suarez Ernesto (ESP)"]
[Result "1-0"]
[WhiteElo "2235"]
[BlackElo "2320"]

1.e4 c5 2.Nf3 Nc6 3.d4 cxd4 4.Nxd4 g6 5.c4 Bg7 6.Be3 Nf6 7.Nc3 Ng4 8.Qxg4 Nxd4
9.Qd1 Ne6 10.Rc1 Qa5 11.Qd2 b6 12.Be2 Bb7 13.f3 d6 14.O-O g5 15.a3 Be5 16.b4
Qxa3 17.Nb5 Qb2 18.Rc2 Qb3 19.c5 dxc5 20.bxc5 Rd8 21.Qc1 bxc5 22.Bc4 Qb4
23.Bxe6 Qxb5 24.Rxc5 Qb2 25.Qxb2 Bxb2 26.Bc4 Bd4 27.Bxd4 Rxd4 28.Rb1 {#r} 1-0

[Event "Ch Portugal"]
[Site "masterchessopen.com Lisbon (Portugal)"]
[Round "1"]
[White "Fernandes Antonio (POR)"]
[Black "Silva Fernando (POR)"]
[Result "1-0"]
[WhiteElo "2410"]
[BlackElo "2375"]

1.e4 c5 2.Nf3 g6 3.d4 cxd4 4.Nxd4 Bg7 5.c4 Nc6 6.Be3 Nf6 7.Nc3 Ng4 8.Qxg4 Nxd4
9.Qd1 Ne6 10.Rc1 b6 11.Bd3 Bb7 12.Bb1 O-O 13.O-O Rc8 14.b3 f5 15.exf5 gxf5
16.Nd5 Qe8 17.Qf3 Kh8 18.Qh3 Qf7 19.Rcd1 Rc6 20.Rfe1 Nc7 21.Bg5 Nxd5 22.Rxd5
Re6 23.Rdd1 Rxe1+ 24.Rxe1 e6 25.Bh6 Bxg2 26.Bxg7+ Qxg7 27.Qxg2 Qc3 28.Re3 Qb2
29.Qf1 f4 30.Rh3 Rg8+ 31.Kh1 Rg7 32.Rh4 e5 33.h3 Qc3 34.Be4 {#r} 1-0

[Event "It (open)"]
[Site "masterchessopen.com Mondariz (Spain)"]
[Round "0"]
[White "Pogorelov Ruslan (UKR)"]
[Black "Tjiam Dharma (NED)"]
[Result "1-0"]
[WhiteElo "2450"]
[BlackElo "2350"]

1.Nf3 g6 2.c4 Bg7 3.d4 c5 4.e4 cxd4 5.Nxd4 Nc6 6.Be3 Nf6 7.Nc3 Ng4 8.Qxg4 Nxd4
9.Qd1 Ne6 10.Rc1 O-O 11.Bd3 d6 12.O-O Bd7 13.Qd2 a5 14.b3 Bc6 15.Bb1 Nc5
16.Rfe1 b6 17.Bg5 Ra7 18.Nd5 f6 19.Be3 e6 20.Nxb6 Ra6 21.Red1 Nb7 22.c5 f5
23.Bd3 dxc5 24.Bxa6 Qxb6 25.Bxb7 Qxb7 26.Bxc5 Rd8 27.Qxa5 Bxe4 28.Rxd8+ {#r}
1-0

[Event "Ch SVR (open)"]
[Site "masterchessopen.com Nickenich (Germany)"]
[Round "7"]
[White "Rondio Thomas (GER)"]
[Black "Rychel Dieter"]
[Result "0-1"]
[WhiteElo "1813"]
[BlackElo "1930"]

1.e4 c5 2.Nf3 Nc6 3.d4 cxd4 4.Nxd4 g6 5.c4 Bg7 6.Be3 Nf6 7.Nc3 Ng4 8.Qxg4 Nxd4
9.Qd1 Ne6 10.Be2 Bxc3+ 11.bxc3 d6 12.O-O Qa5 13.Qd2 Nc5 14.Qd4 f6 15.Rfb1 Be6
16.Rb5 Qc7 17.f3 Kf7 18.Qd2 Nd7 19.Rab1 b6 20.Qd4 Ne5 21.R5b4 Rac8 22.f4 Nc6
23.Qd2 Nxb4 24.cxb4 Bxc4 25.Rc1 b5 26.a4 Qd7 27.Bxc4+ Rxc4 28.Rxc4 bxc4
29.Qd5+ Qe6 30.Qb7 d5 31.Qxa7 Qxe4 32.Qc5 Rc8 33.Qa7 d4 {#R} 0-1

[Event "It (open)"]
[Site "masterchessopen.com Sarospatak (Hungary)"]
[Round "0"]
[White "Racz Zoltan (HUN)"]
[Black "Miko Valer (HUN)"]
[Result "0-1"]
[WhiteElo "2279"]
[BlackElo "2050"]

1.e4 c5 2.Nf3 Nc6 3.d4 cxd4 4.Nxd4 g6 5.c4 Bg7 6.Be3 Nf6 7.Nc3 Ng4 8.Qxg4 Nxd4
9.Qd1 e5 10.Nb5 O-O 11.Qd2 d6 12.Be2 f5 13.Bg5 Bf6 14.Bxf6 Qxf6 15.exf5 Nxb5
16.Qd5+ Kh8 17.Qxb5 gxf5 18.O-O Rg8 19.f4 e4 20.Rad1 Qg6 21.g3 h5 22.c5 dxc5
23.Qxc5 b6 24.Qe5+ Kh7 25.Rd6 Qf7 26.Rf6 Qe8 {#R} 0-1

[Event "It (open)"]
[Site "masterchessopen.com Sarospatak (Hungary)"]
[Round "0"]
[White "Racz Zoltan (HUN)"]
[Black "Orban Zoltan (HUN)"]
[Result "1-0"]
[WhiteElo "2279"]
[BlackElo "1897"]

1.e4 c5 2.Nf3 Nc6 3.d4 cxd4 4.Nxd4 g6 5.c4 Bg7 6.Be3 Nf6 7.Nc3 Ng4 8.Qxg4 Nxd4
9.Qd1 e5 10.Nb5 O-O 11.Qd2 Re8 12.O-O-O d6 13.Qb4 Nxb5 14.cxb5 Be6 15.Kb1 Bf8
16.Qd2 Qc7 17.Rc1 Qd7 18.Bc4 Rac8 19.Bxe6 Qxe6 20.Qd5 Qd7 21.Rxc8 Rxc8 22.f3
a6 23.bxa6 bxa6 24.Rc1 Rxc1+ 25.Kxc1 Kg7 26.Qc4 Qb7 27.b3 Be7 28.Kb2 h6 29.a3
Bg5 30.Bf2 f5 31.h4 Bd8 32.exf5 gxf5 33.h5 Kf6 34.Bh4+ {#r} 1-0

[Event "It (open) \"]
[Site "masterchessopen.com Spain"]
[Round "6"]
[White "Pizarro Segura Eduardo (ESP)"]
[Black "Fluvia Poyatos Joan (ESP)"]
[Result "1-0"]
[WhiteElo "2081"]
[BlackElo "2205"]

1.d4 Nf6 2.Nf3 g6 3.c4 c5 4.Nc3 cxd4 5.Nxd4 Bg7 6.e4 Nc6 7.Be3 Ng4 8.Qxg4 Nxd4
9.Qd1 Ne6 10.Be2 Qa5 11.O-O Bxc3 12.bxc3 Qxc3 13.Rb1 O-O 14.Kh1 Rd8 15.Rb3 Qe5
16.f4 Qxe4 17.f5 Ng7 18.fxg6 hxg6 19.Bh6 Nf5 20.Bd3 Qh4 21.Bxf5 Qxh6 22.Rh3
Qg7 23.Bxg6 fxg6 24.Qd5+ e6 25.Qg5 Re8 26.Rf6 Rf8 27.Rxf8+ {#r} 1-0

[Event "Cup Russia"]
[Site "masterchessopen.com St. Petersburg (Russia)"]
[Round "2"]
[White "Berezkin G (RUS)"]
[Black "Klimov Sergey (RUS)"]
[Result "0-1"]
[WhiteElo "2320"]
[BlackElo "2385"]

1.e4 c5 2.Nf3 Nc6 3.d4 cxd4 4.Nxd4 g6 5.c4 Bg7 6.Be3 Nf6 7.Nc3 Ng4 8.Qd2 Nxe3
9.fxe3 O-O 10.Be2 Ne5 11.O-O-O d6 12.h3 Bd7 13.Kb1 Rc8 14.b3 a6 15.g4 Rc5
16.g5 b5 17.cxb5 axb5 18.Bxb5 Nf3 19.Qd3 Rxc3 20.Qxc3 Bxb5 21.Qb4 Nxd4 22.exd4
Qb6 23.Ka1 Ra8 24.Rh2 Qa6 25.Rhd2 Bd3 26.Re1 Qa5 27.Qxa5 Bxe4 28.Rb2 Rxa5
29.h4 Rc5 {#R} 0-1

[Event "It (open)"]
[Site "masterchessopen.com Tampere (Finland)"]
[Round "4"]
[White "Toivola Jari (FIN)"]
[Black "Hermlin Aarne (EST)"]
[Result "1-0"]
[WhiteElo "2224"]
[BlackElo "2295"]

1.Nf3 c5 2.c4 Nc6 3.d4 cxd4 4.Nxd4 g6 5.e4 Bg7 6.Be3 Nf6 7.Nc3 Ng4 8.Qxg4 Nxd4
9.Qd1 Ne6 10.Rc1 O-O 11.Be2 b6 12.O-O Bb7 13.f3 Rc8 14.Qd2 d6 15.Rfd1 f5
16.Nd5 fxe4 17.fxe4 Nc5 18.Bf3 e6 19.Bg5 Qd7 20.Ne7+ Kh8 21.Nxc8 Rxc8 22.Qxd6
Qxd6 23.Rxd6 Nxe4 24.Bxe4 Bxe4 25.b3 h6 26.Be3 Bf5 27.Rd7 Ra8 28.Rcd1 Kh7
29.Bd4 {#r} 1-0

[Event "It (open) (b)"]
[Site "masterchessopen.com Zaragoza (Spain)"]
[Round "0"]
[White "Lorenzini Martin (ARG)"]
[Black "Cerrajeria Jesus Maria (ESP)"]
[Result "1-0"]
[WhiteElo "2295"]
[BlackElo "2139"]

1.e4 c5 2.Nf3 g6 3.d4 Bg7 4.c4 cxd4 5.Nxd4 Nc6 6.Be3 Nf6 7.Nc3 Ng4 8.Qxg4 Nxd4
9.Qd1 Ne6 10.Rc1 O-O 11.Be2 d6 12.O-O a6 13.Qd2 Bd7 14.Rfd1 Bc6 15.f3 Qe8
16.Nd5 f5 17.exf5 gxf5 18.f4 Qf7 19.b4 b5 20.Bf3 Rfc8 21.cxb5 Bxb5 22.Nb6 Rxc1
23.Rxc1 Rb8 24.Bd5 Qf6 25.a4 Be8 26.Qa2 Kf7 27.a5 Bb5 28.Re1 Qc3 29.Bxe6+ Kg6
30.Qf2 Bf6 31.Nd5 Qd3 32.Qg3+ Kh6 33.Qh3+ Kg6 34.Nxf6 exf6 35.g4 {#r} 1-0

[Event "It (open)"]
[Site "masterchessopen.com St. Ingbert (Germany)"]
[Round "2"]
[White "Hoen Lothar (GER)"]
[Black "Bischoff Klaus (GER)"]
[Result "0-1"]
[WhiteElo "2238"]
[BlackElo "2530"]

1.e4 c5 2.c4 Nc6 3.Ne2 g6 4.d4 cxd4 5.Nxd4 Bg7 6.Be3 Nf6 7.Nc3 Ng4 8.Nxc6 Nxe3
9.Nxd8 Nxd1 10.Nxd1 Kxd8 11.Rc1 b6 12.Bd3 Bb7 13.Rc2 e6 14.Ne3 f5 15.f3 Ke7
16.Ke2 Rac8 17.Rhc1 Bd4 18.b4 d6 19.a4 a5 20.Rb1 axb4 21.Rxb4 Bc5 22.Rb1 Bc6
23.Ra2 Ra8 24.Bc2 Ra5 25.Nd1 fxe4 26.fxe4 Rf8 27.Rc1 h5 28.h3 h4 29.Rb1 Rf4
{#R} 0-1

[Event "Ch Aragon (team)"]
[Site "masterchessopen.com Aragon (Spain)"]
[Round "0"]
[White "Andres Albinana Jose Enrique (ESP)"]
[Black "Granero Roca Antonio (ESP)"]
[Result "0-1"]
[WhiteElo "2065"]
[BlackElo "2295"]

1.d4 Nf6 2.c4 c5 3.Nf3 g6 4.Nc3 cxd4 5.Nxd4 Bg7 6.e4 Nc6 7.Be3 Ng4 8.Qxg4 Nxd4
9.Qd1 Ne6 10.Qd2 Qa5 11.Rc1 b6 12.Be2 Bb7 13.f3 g5 14.O-O h5 15.b3 Qe5 16.Bd3
h4 17.Nd5 Rg8 18.Rc2 Qd6 19.Qf2 Be5 20.f4 gxf4 21.Bxf4 Nxf4 {#R} 0-1

[Event "Staatsliga B 1997/98"]
[Site "masterchessopen.com Austria"]
[Round "4"]
[White "Rotstein Arkadij (GER)"]
[Black "Plachetka Jan (SVK)"]
[Result "1-0"]
[WhiteElo "2455"]
[BlackElo "2445"]

1.c4 c5 2.Nf3 g6 3.d4 cxd4 4.Nxd4 Bg7 5.e4 Nc6 6.Be3 Nf6 7.Nc3 Ng4 8.Qxg4 Nxd4
9.Qd1 Ne6 10.Qd2 Qa5 11.Rc1 b6 12.b3 Bb7 13.f3 f5 14.exf5 gxf5 15.Be2 f4
16.Bf2 Rg8 17.Nd5 Qxd2+ 18.Kxd2 Be5 19.g3 Kf7 20.Bd3 h5 21.Be4 fxg3 22.hxg3
Bxg3 23.Bxg3 Rxg3 24.Rxh5 Ng5 25.Rf1 Bc6 26.Rh4 Rg8 27.Ne3 Bxe4 28.fxe4+ Ke6
29.Rh6+ Ke5 30.Rf5+ Kd4 31.Rd5+ Kxe4 32.Rh4+ {#r} 1-0

[Event "It (open) (active)"]
[Site "masterchessopen.com Bastia (France)"]
[Round "1"]
[White "Filippov Valerij (RUS)"]
[Black "Katz Frederic (FRA)"]
[Result "1-0"]
[WhiteElo "2535"]
[BlackElo "2057"]

1.Nf3 Nf6 2.c4 g6 3.d4 c5 4.Nc3 cxd4 5.Nxd4 Bg7 6.e4 Nc6 7.Be3 Ng4 8.Qxg4 Nxd4
9.Qd1 e5 10.h4 d6 11.h5 f5 12.Bd3 f4 13.Bxd4 exd4 14.Nd5 O-O 15.hxg6 hxg6
16.c5 Be6 17.Bc4 Qd7 18.Qg4 Qf7 19.Ne7+ Qxe7 20.Qxe6+ Qxe6 21.Bxe6+ Rf7
22.cxd6 Rd8 23.Rc1 Rxd6 24.Rc8+ Bf8 25.Bxf7+ Kxf7 26.Rh7+ {#r} 1-0

[Event "It (open) (active)"]
[Site "masterchessopen.com Bastia (France)"]
[Round "3"]
[White "Magem Badals Jordi (ESP)"]
[Black "Katz Frederic (FRA)"]
[Result "1-0"]
[WhiteElo "2550"]
[BlackElo "2057"]

1.e4 c5 2.Nf3 Nc6 3.d4 cxd4 4.Nxd4 g6 5.c4 Bg7 6.Be3 Nf6 7.Nc3 Ng4 8.Qxg4 Nxd4
9.Qd1 e5 10.Bd3 O-O 11.O-O d6 12.Rc1 f5 13.exf5 Bxf5 14.Bxf5 Rxf5 15.Nd5 Rh5
16.f4 Qh4 17.h3 Rf8 18.Bxd4 exd4 19.Rc2 b5 20.b3 a5 21.Re2 a4 22.Re6 axb3
23.axb3 bxc4 24.bxc4 g5 25.fxg5 Rxg5 26.Rxf8+ Bxf8 27.Qf3 Qg3 28.Nf6+ Kh8
29.Qxg3 Rxg3 30.Re8 {#r} 1-0

[Event "It (open) \"]
[Site "masterchessopen.com Berlin (Germany)"]
[Round "9"]
[White "Kaid Almar (GER)"]
[Black "Chernikov Oleg L (RUS)"]
[Result "0-1"]
[WhiteElo "2230"]
[BlackElo "2385"]

1.Nf3 c5 2.c4 g6 3.e4 Bg7 4.d4 cxd4 5.Nxd4 Nc6 6.Be3 Nf6 7.Nc3 Ng4 8.Qxg4 Bxd4
9.Bxd4 Nxd4 10.Qd1 e5 11.Bd3 d6 12.O-O O-O 13.a4 Qb6 14.Nb5 Be6 15.b3 Nc6
16.Bc2 Rad8 17.Qd2 a6 18.Nc3 Nd4 19.Rab1 Qb4 20.Bd3 b5 21.axb5 axb5 22.Qb2
bxc4 23.bxc4 Qxb2 24.Rxb2 Rc8 25.Nd5 Bxd5 26.cxd5 Rc3 27.Ba6 Ra8 28.Rb6 Ra3
29.Bc4 R8a4 30.Rb8+ Kg7 31.Rc8 Rc3 32.Ba6 Rxa6 {#R} 0-1

[Event "It (open) (a)"]
[Site "masterchessopen.com Cannes (France)"]
[Round "3"]
[White "Molnar Bela (HUN)"]
[Black "Dancevski Orce (MKD)"]
[Result "1-0"]
[WhiteElo "2395"]
[BlackElo "2350"]

1.e4 c5 2.Nf3 Nc6 3.d4 cxd4 4.Nxd4 g6 5.c4 Bg7 6.Be3 Nf6 7.Nc3 Ng4 8.Qxg4 Bxd4
9.Bxd4 Nxd4 10.O-O-O e5 11.Qg3 d6 12.f4 f6 13.h4 Be6 14.Kb1 Rc8 15.Nd5 Bxd5
16.exd5 Nf5 17.Qf3 Kd7 18.h5 Kc7 19.fxe5 fxe5 20.Qa3 Nd4 21.hxg6 hxg6 22.Rxh8
Qxh8 23.c5 dxc5 24.Qxa7 Qf8 25.Bd3 c4 26.Rc1 Kd7 27.Qxb7+ Rc7 28.Qb6 Qc8
29.Rh1 Qd8 30.d6 Rc8 31.Rh7+ {#r} 1-0

[Event "It (open) (b)"]
[Site "masterchessopen.com Cannes (France)"]
[Round "1"]
[White "Rouchouse Stevens (MNC)"]
[Black "Afek Yochanan (ISR)"]
[Result "0-1"]
[WhiteElo "2213"]
[BlackElo "2380"]

1.e4 c5 2.Nf3 Nc6 3.d4 cxd4 4.Nxd4 g6 5.c4 Bg7 6.Be3 Nf6 7.Nc3 Ng4 8.Qxg4 Nxd4
9.Qd1 e5 10.Nb5 O-O 11.Qd2 Qe7 12.Bd3 b6 13.O-O Nxb5 14.cxb5 Bb7 15.f3 d5
16.exd5 Bxd5 17.Bxg6 Rfd8 18.Bc2 Bc4 19.Bxh7+ Kxh7 20.Qc2+ Bd3 {#R} 0-1